From sectors to regions – assessment of competitiveness support of firms from structural funds

Zhodnotenie rozdielnej pomoci EÚ v oblasti konkurencieschopnosti pre rôzne odvetvia a regióny v ČR a SR, vzájomné porovnanie a výsledky.

Gespeichert in:
Bibliographische Detailangaben
1. Verfasser: Šipikal, Miroslav, 1976-
Weitere Verfasser: Némethová, Valéria, 1987-
Format: Buchkapitel
Sprache:Englisch
Schlagworte:
Tags: Tag hinzufügen
Keine Tags, Fügen Sie das erste Tag hinzu!

MARC

LEADER 00000nla a2200000 4500
001 0227303
005 20240502083611.1
041 0 |a eng 
044 |a CZ 
245 1 0 |a From sectors to regions – assessment of competitiveness support of firms from structural funds  |c Miroslav Šipikal, Valéria Némethová 
520 |a Zhodnotenie rozdielnej pomoci EÚ v oblasti konkurencieschopnosti pre rôzne odvetvia a regióny v ČR a SR, vzájomné porovnanie a výsledky. 
610 2 0 |a porovnanie štatistické medzinárodné 
610 2 0 |a porovnanie medzipodnikové 
610 2 0 |a sektory hospodárske 
610 2 0 |a regióny 
610 2 0 |a podpora podnikania 
610 2 0 |a podpora inovácií 
100 1 |a Šipikal, Miroslav, 1976- 
700 1 |a Némethová, Valéria, 1987-